Les politiques de la communication au Nigéria
Saved in:
| Hovedforfatter: | |
|---|---|
| Format: | Bog |
| Sprog: | fransk |
| Udgivet: |
París
UNESCO
1980
|
| Fag: | |
| Tags: |
Tilføj Tag
Ingen Tags, Vær først til at tagge denne postø!
|
MARC
| LEADER | 00000nam a2200000 a 4500 | ||
|---|---|---|---|
| 001 | UCX1526 | ||
| 003 | CL-VaPUC | ||
| 008 | 900913e19800000FR |||||||||||||||||fre|d | ||
| 082 | 0 | 4 | |a 966.26 |b OKW |2 21 |
| 100 | |a Okwu Ugboajah, Frank |e auteur |9 317051 | ||
| 245 | 1 | 4 | |a Les politiques de la communication au Nigéria |
| 300 | |a 80 p | ||
| 942 | |c BK | ||
| 945 | |d 19900913 00:00:00 | ||
| 260 | |a París |b UNESCO |c 1980 | ||
| 650 | 0 | |a Medios de comunicación |9 257206 | |
| 651 | 0 | |a Nigeria |9 317052 | |
| 583 | |a last modification |c 19900913 00:00:00 |k Rodrigo Vera | ||
| 999 | |c 222734 |d 222732 | ||
| 952 | |0 0 |1 0 |4 0 |6 966_260000000000000_OKW_1980 |7 0 |8 A |9 217889 |a BIBHIS |b BIBHIS |d 2019-11-15 |i 2867532 |o 966.26 OKW 1980 |p 2867532 |r 2025-01-20 |w 2019-11-15 |y BK |k HIS | ||